01045nam a22002297a 450000500170000000800410001704000250005804100080008304400070009108200190009811000640011724501020018126000350028330000450031850000210036350400390038450501830042365000730060665000660067970000350074570000350078020160517122011.0150626b2007 ck ||||| |||| 00| 0 spa d aCo-BoIAVHcCo-BoIAVH0 aspa ack 4a639.9068bC82a aCorporación Autónoma Regional del Valle del Cauca - CVC1 aActualización del plan de ordenación y manejo de la cuenca hidrográfica del río Riofrío3 aSantiago de Cali:bCVC,c2007. a171 p.btab., map., col.c28 cm.eMapas. aContiene anexos. aIncluye bibliografía p. 145-148. a1. Marco de referencia. 2. Cuenca del río Riofrío. 3. Situación actual. 4. Prospectiva. 5. Programas del plan. 6. Metas y proyectos del plan. 7. Seguimiento y evaluación. 4aCuencas hidrográficasxAdministración públicazValle del cauca 4aCuencas hidrográficasxGestión AmbientalzValle del cauca1 aAragón G., CarolinaeEditora1 aLópez A., Juan DavideEditor